Responses for Show #8043 - Wednesday, July 24, 2019

Jason Zuffranieri game 4.

Contestants

[<< previous game]

Corin Purifoy, a fiber artist from Milwaukee, Wisconsin

Michelle Bruck, an attorney from Levittown, Pennsylvania

Jason Zuffranieri, a math teacher from Albuquerque, New Mexico (whose 3-day cash winnings total $75,300)

[next game >>]

Jeopardy! Round responses

KING JAMES BIBLE BIRDWATCHING
"UN"CATEGORY
(Alex: We're gonna give you a mashup of two popular musical groups, and you name them both in...)
NEW MUSICAL SUPERGROUPS
GO, GO, GADGET...
SEAS
FAREWELLS
    $200 27
a dove

Jason
    $200 10
"Uncle!"

Corin
    $200 5
Cheap Trick and Pearl Jam

Jason
    $200 11
a purifier (or filter)

Jason
    $200 28
the Adriatic Sea

Corin
    $200 23
cigarettes

Jason
    $400 25
peacocks

Jason
    $400 6
unanimous

Corin
    $400 1
Rage Against the Machine and Black Sabbath

Jason
    $400 12
artificial intelligence

Corin
    $5,200 21
(Jason: What is the Red Sea?)

the Dead Sea

Jason
    $400 16
Seinfeld

Corin
    $600 26
Goliath

Michelle
    $600 7
unagi

Corin
    $600 2
Smashing Pumpkins and Hootie and the Blowfish

Corin
    $600 13
expiration dates

Jason
    $600 19
the Black Sea

Jason
    $600 17
President McKinley

Triple Stumper
    $800 29
a swallow

Jason
    $800 8
ungulate

Jason
    $800 3
(Michelle: What is My Chemical Romance and The Monkees?)

My Chemical Romance and Arctic Monkeys

JasonMichelle
    $800 14
electromagnetic fields

Michelle
    $800 20
the Coral Sea

Jason
    $800 18
Saturn

Jason
    $1000 30
quail

Triple Stumper
    $1000 9
undulate

Corin
    $1000 4
The Cold War Kids and Buffalo Springfield

Corin
    $1000 15
exoskeletons

Corin
    $1000 22
Ross

Jason
    $1000 24
(Duke of) Wellington

Jason

Scores at the first commercial break (after clue 15):

Jason Michelle Corin
$3,000 $0 $5,200

Scores at the end of the Jeopardy! Round:

Jason Michelle Corin
$3,600 $600 $5,800

Double Jeopardy! Round responses

INFAMOUS WOMEN
CANADIAN PROVINCIAL SYMBOLS
POP-POURRI
HISTORY BOOKS
"P" IS FOR SCIENCE
LETTER IMPERFECT
    $400 28
(Lizzie) Borden

Jason
    $400 29
British Columbia

Jason
    $400 1
(James) Corden

Corin
    $400 30
New York

Jason
    $400 5
pollinating

Jason
    $400 11
E

Michelle
    $800 24
(Eva) Braun

Michelle
    $800 4
I remember

Corin
    $800 2
Project Runway

Michelle
    $800 16
(Jason: Who is Lenin?)

Stalin

JasonMichelle
    $800 6
primordial (or primeval)

Jason
    $800 12
P

Jason
    $1200 27
Barker and Parker

Triple Stumper
    $1200 10
curling

Corin
    $1200 3
Pulp Fiction

Jason
    $1200 17
slaves

Jason
    $1200 7
a parasitic relationship

Corin
    $1200 13
(Jason: What is G?)
...
(Alex: "Pahk the cah", yeah.)

R

JasonCorin
    $1600 25
Marat

Jason
    $4,000 22
Nova Scotia

Jason
    $1600 20
Pod Save America

Triple Stumper
    $1600 18
China

Michelle
    $1600 8
polymers

Corin
    $1600 14
X

Jason
    $2000 26
Anne Bonny

Corin
    $2000 23
pine

Triple Stumper
    $2000 21
(Garry) Trudeau

Jason
    $2,000 19
(Alex: Michelle?)
(Michelle: What is the Battle of Troy?)

Marathon

Michelle
    $2000 9
perigee

Jason
    $2000 15
(Alex: It started off with A, B, and [*].)

C

Triple Stumper

Scores at the end of the Double Jeopardy! Round:

Jason Michelle Corin
$18,400 $3,000 $14,200

[wagering suggestions for these scores]

Final Jeopardy! Round responses

CHILDREN'S AUTHORS
MichelleWho is Carl?
$0
CorinWho is Carle?
$8,100
JasonWho is Sendak?
$11,600
Maurice Sendak

Final scores:

Jason Michelle Corin
$30,000 $3,000 $6,100
4-day champion: $105,300 3rd place: $1,000 2nd place: $2,000

Game dynamics:

Coryat scores:

Jason Michelle Corin
$21,200 $5,000 $14,200
28 R
(including 1 DD),
3 W
(including 1 DD)
7 R,
2 W
(including 1 DD)
17 R,
0 W

Combined Coryat: $40,400

[game clues] [game scores] [suggest correction]

Game tape date: 2019-04-06
The J! Archive is created by fans, for fans. Scraping, republication, monetization, and malicious use prohibited; this site may use cookies and collect identifying information. See terms. The Jeopardy! game show and all elements thereof, including but not limited to copyright and trademark thereto, are the property of Jeopardy Productions, Inc. and are protected under law. This website is not affiliated with, sponsored by, or operated by Jeopardy Productions, Inc. Join the discussion at JBoard.tv.